Essential haematology / (Record no. 11269)
[ view plain ]
| 000 -LEADER | |
|---|---|
| fixed length control field | 00803cam a22002532 4500 |
| 001 - CONTROL NUMBER | |
| control field | 0000019699 |
| 005 - DATE AND TIME OF LATEST TRANSACTION | |
| control field | 20151217154434.0 |
| 008 - FIXED-LENGTH DATA ELEMENTS--GENERAL INFORMATION | |
| fixed length control field | 110120s xx 000 0 eng d |
| 020 ## - INTERNATIONAL STANDARD BOOK NUMBER | |
| International Standard Book Number | 1405136595 : |
| 040 ## - CATALOGING SOURCE | |
| Original cataloging agency | KABU |
| Transcribing agency | KABU |
| 245 10 - TITLE STATEMENT | |
| Title | Essential haematology / |
| Statement of responsibility, etc. | A. V. Hoffbrand, P. A. H Moss and J. E. Pettit (editors) |
| 250 ## - EDITION STATEMENT | |
| Edition statement | 5th ed. |
| 260 ## - PUBLICATION, DISTRIBUTION, ETC. (IMPRINT) | |
| Place of publication, distribution, etc. | Australia : |
| Name of publisher, distributor, etc. | Blackwell, |
| Date of publication, distribution, etc. | 2006. |
| 300 ## - PHYSICAL DESCRIPTION | |
| Extent | ix, 380p. |
| 650 #0 - SUBJECT ADDED ENTRY--TOPICAL TERM | |
| Topical term or geographic name as entry element | Blood-disease. |
| -- | 0000179686 |
| 650 #0 - SUBJECT ADDED ENTRY--TOPICAL TERM | |
| Topical term or geographic name as entry element | Hematology. |
| -- | 0000179687 |
| 700 1# - ADDED ENTRY--PERSONAL NAME | |
| Personal name | Hoffbrand, A. V. |
| -- | 0000179688 |
| 700 1# - ADDED ENTRY--PERSONAL NAME | |
| Personal name | Moss, P. A. H. |
| -- | 0000179689 |
| 700 1# - ADDED ENTRY--PERSONAL NAME | |
| Personal name | Pettit, J. E. |
| -- | 0000179690 |
| 852 1# - LOCATION | |
| -- | p4480 KES |
| 852 1# - LOCATION | |
| -- | p4480 KES |
| 908 ## - PUT COMMAND PARAMETER (RLIN) | |
| Put command parameter | 110120 |
| 950 ## - LOCAL HOLDINGS (RLIN) | |
| -- | 1 |
| Withdrawn status | Lost status | Source of classification or shelving scheme | Not for loan | Home library | Current library | Date acquired | Total Checkouts | Full call number | Barcode | Date last seen | Date last checked out | Price effective from | Koha item type | Total Renewals |
|---|---|---|---|---|---|---|---|---|---|---|---|---|---|---|
| Library of Congress Classification | Kabarak, Main Campus | Kabarak, Main Campus | 17/12/2015 | 21 | RC633 .E87 2006 c.1 | 22779 | 21/06/2019 | 25/05/2019 | 17/12/2015 | General Collection | ||||
| Library of Congress Classification | Kabarak, Main Campus | Kabarak, Main Campus | 17/12/2015 | 6 | RC633 .E87 2006 c.2 | 22654 | 27/02/2018 | 29/01/2018 | 17/12/2015 | General Collection | 2 |